| 000 | 00853nam a2200265 a 4500 | ||
|---|---|---|---|
| 008 | |||
| 020 | _a0771507895 (pbk.) | ||
| 049 | _aMAIN | ||
| 090 | _aHF5718 | ||
| 100 | 1 | _aBrown, Diane | |
| 245 | 1 | 0 |
_aEffective English for business communication : _bstudy projects / _cDiane Brown, Alfred T. Clark and Shirley Schooley. |
| 250 | _aCanadian ed. | ||
| 260 |
_aToronto : _bGage, _c1982. |
||
| 300 |
_aiv, 92 p. ; _c28 cm. |
||
| 500 | _aFor use with Effective English for business communication. | ||
| 650 | 0 |
_aEnglish language _xBusiness English. |
|
| 650 | 0 | _aCommercial correspondence. | |
| 700 | 1 | _aSchooley, Shirley. | |
| 700 | 1 | _aClark, Alfred T. | |
| 907 |
_a.b10109043 _b01-07-04 _c04-02-04 |
||
| 999 |
_aLOCAL MC. _c151541 _d151541 |
||
| 003 | |||
| 005 | 20230123133616.0 | ||
| 040 | _cNUST | ||
| 942 |
_cBOOKS _kHF5718 |
||